| 000 | 00886cam a2200277 i 4500 | ||
|---|---|---|---|
| 001 | bg | ||
| 003 | BPK | ||
| 005 | 20191003090746.0 | ||
| 008 | 000320s1979 pl a f f |000 0 pol | ||
| 015 | _aPB 1980/267 | ||
| 020 | _a8320401674 | ||
| 040 |
_aWA N _cBPK |
||
| 041 | 0 | _apol | |
| 080 | _a621.313 | ||
| 080 | _a(075.8) | ||
| 100 | 1 |
_aUrbanowicz, Heliodor _eAutor |
|
| 245 | 1 | 0 |
_aNapęd elektryczny maszyn roboczych / _cHeliodor Urbanowicz. |
| 260 |
_aWarszawa : _bWydaw-a Naukowo-Techniczne, _c1979. |
||
| 300 |
_a291, [1] s. : _bil., tab., wykr. ; _c24 cm. |
||
| 504 | _aBibliogr. s. 284. | ||
| 655 | 4 | _aPodręczniki akademickie | |
| 650 | 4 | _aNapęd elektryczny | |
| 710 | 2 |
_aWydawnictwa Naukowo-Techniczne _4pbl. |
|
| 856 |
_uhttp://koha.tu.koszalin.pl/cgi-bin/koha/opac-detail.pl?biblionumber=36986 _yKAtalog online BPK |
||
| 942 |
_2UKD _cKS |
||
| 999 |
_c36986 _d36986 |
||